[Event "3rd Africa-ch"]
[Site "Abuja NGR"]
[Date "2003.10.15"]
[Round "7"]
[White "Belkacem, Krim"]
[Black "Pitlagano, Tebogo"]
[Result "0-1"]
[WhiteElo "2121"]
[BlackElo "2073"]
[EventDate "2003.10.10"]
[PlyCount "62"]

1.d4 d5 2.c4 dxc4 3.Nf3 g6 4.Nc3 Bg7 5.e3 Nf6 6.Bxc4 O-O 7.O-O b6 8.Ne5 
Bb7 9.Qb3 e6 10.Bd2 Nbd7 11.Nxd7 Nxd7 12.Rfd1 c5 13.d5 exd5 14.Nxd5 Ne5 
15.Bc3 Qh4 16.Be2 Rad8 17.g3 Qe4 18.Bxe5 Bxd5 19.Rxd5 Qxd5 20.Bxg7 Kxg7 
21.Qc3+ f6 22.Qa3 Qb7 23.Qc3 Rd6 24.f3 Rfd8 25.e4 Rd2 26.Bc4 R2d4 27.Re1 
Qd7 28.Bd5 Qa4 29.a3 Qb5 30.Qc1 Qd3 31.Qf4 R8xd5 0-1

[Event "3rd Africa-ch"]
[Site "Abuja NGR"]
[Date "2003.10.15"]
[Round "7"]
[White "Chumfwa, Stanley"]
[Black "Olape, Bunmi"]
[Result "0-1"]
[WhiteElo "2318"]
[BlackElo "2273"]
[EventDate "2003.10.10"]
[PlyCount "78"]

1.e4 e5 2.Nf3 Nf6 3.Nxe5 d6 4.Nf3 Nxe4 5.d4 d5 6.Bd3 Bd6 7.O-O O-O 8.c4 c6
9.Qc2 f5 10.Nc3 Na6 11.a3 Nc7 12.c5 Be7 13.Ne2 Bf6 14.Bf4 Ne6 15.Be5 Re8 
16.b4 Bxe5 17.Nxe5 Nxd4 18.Nxd4 Rxe5 19.f3 Nf6 20.Bxf5 Qe8 21.Bd3 Bd7 22.
Qd2 Qh5 23.Rae1 Rae8 24.Rxe5 Qxe5 25.Nc2 Qb2 26.Re1 Re5 27.Rxe5 Qxe5 28.
Qe3 Qxe3+ 29.Nxe3 Kf7 30.Kf2 g6 31.g4 Ke6 32.Nc2 Ke5 33.Ke3 d4+ 34.Kf2 Nd5
35.Kg3 Nf4 36.Ne1 Be6 37.h4 h6 38.Bf1 g5 39.hxg5 hxg5 0-1

[Event "3rd Africa-ch"]
[Site "Abuja NGR"]
[Date "2003.10.15"]
[Round "7"]
[White "Lungu, Malupande"]
[Black "Tefera, Wossenyelew Haily"]
[Result "1-0"]
[WhiteElo "2295"]
[BlackElo "2211"]
[EventDate "2003.10.10"]
[PlyCount "107"]

1.e4 c5 2.Nf3 d6 3.d4 cxd4 4.Nxd4 Nf6 5.Nc3 a6 6.f4 Qc7 7.Bd3 Nbd7 8.Be3 
e5 9.Nb3 exf4 10.Bxf4 Ne5 11.O-O Be7 12.Kh1 Be6 13.Nd4 O-O 14.Qe1 Rac8 15.
Bg5 h6 16.Be3 Nfg4 17.Bg1 Nc4 18.Bxc4 Bxc4 19.Qg3 Bxf1 20.Rxf1 h5 21.Nd5 
Qd8 22.Nf5 Bf6 23.Bb6 Be5 24.Nfe7+ Kh7 25.Qh4 Qd7 26.Qxh5+ Nh6 27.Nxc8 
Qxc8 28.c3 Qc4 29.Qf3 f5 30.b3 Qc8 31.exf5 Qxf5 32.Qxf5+ Rxf5 33.Rxf5 Nxf5
34.g3 Kg6 35.Kg2 Kf7 36.Kf3 Ke6 37.Ke4 g6 38.g4 Ne7 39.Nxe7 Kxe7 40.h4 
Bxc3 41.Kd5 Be1 42.h5 gxh5 43.gxh5 Bg3 44.h6 Kf7 45.Bc7 Kg6 46.Bxd6 Be1 
47.Bf4 Kf5 48.Be3 Kg6 49.Kc5 Ba5 50.Kd6 b5 51.Kc6 Bd8 52.Kb7 a5 53.Ka6 a4 
54.b4 1-0

[Event "3rd Africa-ch"]
[Site "Abuja NGR"]
[Date "2003.10.15"]
[Round "7"]
[White "Molale, Ofentse"]
[Black "Ahmed, Esam Aly"]
[Result "0-1"]
[WhiteElo "2181"]
[BlackElo "2408"]
[EventDate "2003.10.10"]
[PlyCount "104"]

1.e4 c5 2.d4 cxd4 3.c3 d5 4.exd5 Qxd5 5.cxd4 Nc6 6.Nf3 Bg4 7.Be2 Bxf3 8.
Bxf3 Qc4 9.Be3 e6 10.Nd2 Qb5 11.a4 Qa6 12.Be2 Qa5 13.O-O Qd8 14.Qb3 Rb8 
15.Rac1 Bd6 16.Ne4 Nge7 17.Rfd1 Nd5 18.Bg5 Qc7 19.Nxd6+ Qxd6 20.Bh4 Qb4 
21.Qc2 O-O 22.Qe4 Qxb2 23.Bd3 g6 24.Bc4 Rbc8 25.Bxd5 exd5 26.Qe3 Rfe8 27.
Qf4 Nxd4 28.Rxc8 Rxc8 29.Bf6 Ne2+ 30.Kf1 Qb3 31.Qd2 Nf4 32.Re1 Qc4+ 33.Kg1
Qc1 34.Rxc1 Rxc1+ 35.Qxc1 Ne2+ 36.Kf1 Nxc1 37.Bd4 b6 38.Ke1 Nb3 39.Bf6 Kf8
40.Kd1 Ke8 41.Kc2 Na5 42.g4 Kd7 43.f4 Kc6 44.Bd4 Nb7 45.Kc3 a5 46.f5 Nc5 
47.fxg6 fxg6 48.h4 Nxa4+ 49.Kd3 Nc5+ 50.Ke3 Ne6 51.Bf6 b5 52.h5 b4 0-1

[Event "3rd Africa-ch"]
[Site "Abuja NGR"]
[Date "2003.10.15"]
[Round "7"]
[White "Shebsh, Abdullatief Mohamed"]
[Black "Henni, Mohamed"]
[Result "1/2-1/2"]
[WhiteElo "2161"]
[BlackElo "2273"]
[EventDate "2003.10.10"]
[PlyCount "78"]

1.e4 c5 2.Nf3 d6 3.d4 cxd4 4.Nxd4 Nf6 5.Nc3 a6 6.Bg5 e6 7.f4 Be7 8.Qf3 Nc6
9.O-O-O Qb6 10.Nb3 Qc7 11.Kb1 h6 12.Bxf6 Bxf6 13.Be2 Bd7 14.Rd2 Rc8 15.
Rhd1 Na5 16.Rxd6 Bc6 17.Qe3 O-O 18.e5 Be7 19.R6d2 Bb4 20.a3 Nxb3 21.cxb3 
Ba5 22.b4 Bb6 23.Qg3 Rfd8 24.Bd3 Qe7 25.Be4 Rxd2 26.Rxd2 Qc7 27.Qf3 Bxe4+ 
28.Qxe4 Bg1 29.g3 Rd8 30.Rxd8+ Qxd8 31.Kc2 Qd7 32.Qd3 Qc6 33.Kb3 Bxh2 34.
a4 h5 35.Qd8+ Kh7 36.Qh4 Qg2 37.Qxh5+ Kg8 38.f5 exf5 39.e6 fxe6 1/2-1/2

[Event "3rd Africa-ch"]
[Site "Abuja NGR"]
[Date "2003.10.15"]
[Round "7"]
[White "Simutowe, Amon"]
[Black "Akintola, Fola"]
[Result "1-0"]
[WhiteElo "2424"]
[BlackElo "2256"]
[EventDate "2003.10.10"]
[PlyCount "115"]

1.e4 c5 2.Nf3 e6 3.d4 cxd4 4.Nxd4 Nf6 5.Nc3 Nc6 6.g3 d5 7.exd5 exd5 8.Bg2 
Bg4 9.f3 Bc8 10.O-O Be7 11.Kh1 O-O 12.g4 Qb6 13.Nce2 Rd8 14.c3 h6 15.Qb3 
Qa6 16.Qb5 Qxb5 17.Nxb5 a6 18.Nbd4 Bd7 19.Nb3 Ne5 20.Rd1 Nc4 21.Nf4 Be8 
22.Nd4 Rac8 23.Nd3 b5 24.Nf5 Bf8 25.h4 Bd7 26.Nd4 a5 27.g5 Nh5 28.Kh2 Nd6 
29.f4 Ne4 30.Ne5 Be8 31.Bh3 Ra8 32.Be3 Ra6 33.Bg4 f6 34.Nef3 Bd6 35.Ne6 
Rb8 36.Rxd5 fxg5 37.hxg5 hxg5 38.Bxh5 Bxh5 39.Nfxg5 Nxg5 40.Rxg5 g6 41.Bc5
Re8 42.Bxd6 Rxd6 43.Nd4 b4 44.Rag1 bxc3 45.bxc3 Kf7 46.Rxa5 Kf6 47.a4 Re4 
48.Rf1 Re3 49.Rc5 Rb6 50.Rf2 Rb1 51.a5 Rc1 52.Rc6+ Kf7 53.Rc7+ Kf6 54.Rb2 
Re7 55.Rc6+ Kf7 56.a6 Bg4 57.Rb7 Ke8 58.a7 1-0

[Event "3rd Africa-ch"]
[Site "Abuja NGR"]
[Date "2003.10.15"]
[Round "7"]
[White "Van den Heever, Donovan"]
[Black "Domingos, Catarino"]
[Result "1/2-1/2"]
[WhiteElo "2035"]
[BlackElo "2266"]
[EventDate "2003.10.10"]
[PlyCount "92"]

1.e4 e5 2.Nf3 Nc6 3.Bc4 Be7 4.O-O Nf6 5.Re1 O-O 6.d4 d6 7.h3 exd4 8.Nxd4 
Re8 9.Nc3 Bd7 10.Be3 Bf8 11.Bg5 h6 12.Bh4 Be7 13.Nf3 Nh7 14.Bg3 Be6 15.Nd5
Bf8 16.Bf1 Ng5 17.Nh2 Bd7 18.Qd3 Ne6 19.Qc3 Ne7 20.Ng4 Nxd5 21.exd5 Nc5 
22.Qd4 Bf5 23.Bb5 Re4 24.Rxe4 Nxe4 25.Bh2 h5 26.Ne3 Bh7 27.Be2 Qf6 28.Qxf6
Nxf6 29.Bf4 Re8 30.Kf1 Bg6 31.Rc1 Re4 32.Bg5 Nxd5 33.Nxd5 Re5 34.Nxc7 Rxg5
35.c4 Be4 36.f3 Bc6 37.Rd1 Re5 38.Nd5 g6 39.f4 Re6 40.f5 Re5 41.fxg6 fxg6 
42.Bf3 Kf7 43.Re1 Bg7 44.b3 Bh6 45.Rxe5 dxe5 46.Ke2 Bd7 1/2-1/2

[Event "3rd Africa-ch"]
[Site "Abuja NGR"]
[Date "2003.10.16"]
[Round "8"]
[White "Ahmed, Esam Aly"]
[Black "Van den Heever, Donovan"]
[Result "1-0"]
[WhiteElo "2408"]
[BlackElo "2035"]
[EventDate "2003.10.10"]
[PlyCount "119"]

1.e4 c5 2.Nf3 d6 3.d4 cxd4 4.Nxd4 Nf6 5.Nc3 Nc6 6.Be3 Ng4 7.Bb5 Nxe3 8.
Nxc6 Nxd1 9.Nxd8+ Kxd8 10.Rxd1 a6 11.Bd3 e6 12.Ne2 g6 13.Nd4 Bg7 14.Be2 
Ke7 15.O-O Bd7 16.Rd2 Rac8 17.c4 Rhd8 18.Rfd1 Be8 19.Nb3 Ba4 20.Rf1 Bc6 
21.Bd3 b6 22.Re2 a5 23.h3 Rb8 24.Rd1 a4 25.Nc1 Ra8 26.Rc2 Rdc8 27.Ne2 Bb7 
28.Nc3 Ra5 29.Nb5 Bc6 30.Re2 Bxb5 31.cxb5 a3 32.b3 Bd4 33.Bc4 e5 34.Kf1 
Ra7 35.Rd3 Rac7 36.f4 Rf8 37.g3 Kf6 38.Kg2 Kg7 39.g4 Rfc8 40.Red2 Bc5 41.
f5 Rd8 42.Rf3 f6 43.h4 Rf8 44.Rd1 Kh8 45.fxg6 Rg7 46.Rdf1 Rxg6 47.g5 Kg7 
48.Be6 d5 49.Bf5 dxe4 50.Bxe4 f5 51.Rxf5 Rxf5 52.Rxf5 Rd6 53.h5 Rd2+ 54.
Kh3 h6 55.b4 Bxb4 56.g6 Rxa2 57.Rf7+ Kg8 58.Ra7 Rd2 59.Bf5 Rd6 60.Bc2 1-0

[Event "3rd Africa-ch"]
[Site "Abuja NGR"]
[Date "2003.10.16"]
[Round "8"]
[White "Akintola, Fola"]
[Black "Adu, Oladapo"]
[Result "1-0"]
[WhiteElo "2256"]
[BlackElo "2268"]
[EventDate "2003.10.10"]
[PlyCount "97"]

1.d4 Nf6 2.c4 e6 3.Nc3 c5 4.e3 b6 5.Nf3 Be7 6.Bd3 Bb7 7.O-O O-O 8.Qe2 d6 
9.Rd1 Nbd7 10.b3 Rc8 11.Bb2 Qc7 12.Rac1 Qb8 13.Bb1 Qa8 14.e4 cxd4 15.Nxd4 
Rfd8 16.f4 Qb8 17.Re1 a6 18.Rcd1 Nf8 19.Qf3 Ba8 20.Qh3 Rc5 21.a4 Rh5 22.
Qf3 Ng6 23.g3 e5 24.fxe5 Nxe5 25.Qg2 Qc8 26.Nd5 Bxd5 27.exd5 Qc5 28.Kf1 
Bf8 29.h3 Nfd7 30.Nc6 Rc8 31.g4 Rh6 32.g5 Rh4 33.Qg3 Rh5 34.Bd4 Rxc6 35.
Bxc5 Rxc5 36.Bf5 g6 37.Bxd7 Nxd7 38.Re8 Ne5 39.Re1 f6 40.R1xe5 dxe5 41.d6 
Kf7 42.d7 Be7 43.d8=Q Bxd8 44.Rxd8 Rxg5 45.Qd3 Kg7 46.Rd7+ Kh6 47.Qe3 e4 
48.h4 Rf5+ 49.Ke2 1-0

[Event "3rd Africa-ch"]
[Site "Abuja NGR"]
[Date "2003.10.16"]
[Round "8"]
[White "Ben Nasser, Khaled"]
[Black "Abera, Yimam Belachew"]
[Result "1-0"]
[WhiteElo "2282"]
[BlackElo "2200"]
[EventDate "2003.10.10"]
[PlyCount "127"]

1.d4 f5 2.Bg5 Nf6 3.Bxf6 exf6 4.Nf3 d5 5.e3 Be6 6.Bd3 Bd6 7.O-O O-O 8.b3 
c6 9.c4 Nd7 10.Nc3 Rc8 11.Rc1 Kh8 12.Nh4 g6 13.Qf3 dxc4 14.bxc4 Bb8 15.Qh3
Qe8 16.Nf3 Nb6 17.Ne2 Qf7 18.Nd2 Rce8 19.Qh6 Rg8 20.Rb1 Bd6 21.f4 Bf8 22.
Qh3 Nxc4 23.Nxc4 Bxc4 24.Bxc4 Qxc4 25.Rxb7 Bg7 26.Rb2 Qd3 27.Kf2 Re4 28.
Rc1 Qa3 29.Rcc2 Rge8 30.Rb3 Qd6 31.Nc3 R4e7 32.Na4 g5 33.Qxf5 gxf4 34.Qxf4
Qd8 35.Nc5 f5 36.Nb7 Qd5 37.Rc5 Qe6 38.Nd6 Rf8 39.Rxf5 Rxf5 40.Qxf5 Qg8 
41.Qf4 h6 42.Kg1 Qe6 43.Rb8+ Kh7 44.Qf5+ Qg6 45.Qxg6+ Kxg6 46.Re8 Rd7 47.
Re6+ Kg5 48.g3 Bf8 49.Nc4 c5 50.dxc5 Kf5 51.Re5+ Kf6 52.Rh5 Rc7 53.Nd6 Kg6
54.Rd5 Rc6 55.Nc4 Ra6 56.c6 Kf6 57.Na5 Ke6 58.c7 Kxd5 59.c8=Q Rf6 60.Qb7+ 
Ke6 61.Qxa7 Kf5 62.Qd7+ Kg6 63.Nc4 Bc5 64.Ne5+ 1-0

[Event "3rd Africa-ch"]
[Site "Abuja NGR"]
[Date "2003.10.16"]
[Round "8"]
[White "Tandala Campos, Eugenio"]
[Black "Ezat, Mohamed"]
[Result "1-0"]
[WhiteElo "2249"]
[BlackElo "2405"]
[EventDate "2003.10.10"]
[PlyCount "117"]

1.e4 c6 2.d4 d5 3.exd5 cxd5 4.c4 Nf6 5.Nc3 g6 6.Nf3 Bg7 7.Be2 O-O 8.h3 Nc6
9.O-O Be6 10.b3 Ne4 11.Bb2 Qa5 12.Nxd5 Bxd5 13.cxd5 Qxd5 14.Re1 Nd6 15.Ne5
Nf5 16.Bf3 Qd6 17.Bxc6 bxc6 18.Rc1 Rac8 19.Rc4 e6 20.Qc2 Rc7 21.Nxc6 Rfc8 
22.Nxa7 Rxc4 23.bxc4 Qb4 24.Rc1 Ra8 25.a3 Qb7 26.Nb5 Bh6 27.Re1 Rc8 28.a4 
Nh4 29.d5 exd5 30.Nd6 Qb4 31.Qc3 Qxc3 32.Bxc3 Rd8 33.cxd5 Rxd6 34.Re8+ Bf8
35.Bb4 Rxd5 36.Bxf8 f6 37.Bb4+ Kg7 38.a5 Rd1+ 39.Re1 Rd4 40.Rb1 Rd8 41.a6 
Ra8 42.Ra1 Kf7 43.a7 Ke6 44.Ra6+ Kd5 45.Be7 Nf5 46.Bxf6 Kc5 47.Be5 Kb5 48.
Ra2 Kb6 49.Bb8 Ne7 50.f4 Nc6 51.Rb2+ Kc5 52.Rc2+ Kd5 53.Rxc6 Kxc6 54.Kf2 
Kc5 55.Ke3 Kd5 56.Kd3 h6 57.g4 Ke6 58.Ke4 g5 59.f5+ 1-0

[Event "3rd Africa-ch"]
[Site "Abuja NGR"]
[Date "2003.10.16"]
[Round "8"]
[White "Chahrani, Ibrahim"]
[Black "Solomon, Kenny"]
[Result "0-1"]
[WhiteElo "2246"]
[BlackElo "2339"]
[EventDate "2003.10.10"]
[PlyCount "104"]

1.e4 c5 2.Nf3 Nc6 3.d4 cxd4 4.Nxd4 Nf6 5.Nc3 e5 6.Ndb5 d6 7.Nd5 Nxd5 8.
exd5 Nb8 9.c4 Be7 10.Be2 O-O 11.O-O a6 12.Nc3 f5 13.f4 Bf6 14.Qc2 Nd7 15.
g3 exf4 16.gxf4 Bd4+ 17.Kh1 Qf6 18.Bf3 Nc5 19.Ne2 Ne4 20.Nxd4 Qxd4 21.Rb1 
Bd7 22.b3 Nc5 23.Rd1 Qf6 24.Bb2 Qh6 25.Rg1 Rf7 26.Rg5 g6 27.Rbg1 Kf8 28.
Qc3 Ke8 29.Re1+ Kd8 30.b4 Na4 31.Qd2 Nxb2 32.Qxb2 Qg7 33.Qf2 Kc7 34.c5 Re8
35.cxd6+ Kb8 36.Rgg1 Qc3 37.Rxe8+ Bxe8 38.Re1 Bb5 39.Qe3 Qxb4 40.Qe5 Rd7 
41.Qe8+ Ka7 42.Qe3+ b6 43.Qc1 Qxd6 44.Qe3 Bc4 45.Rd1 Bxa2 46.Qd3 b5 47.
Qd4+ Qb6 48.Qe5 Qd6 49.Qd4+ Kb7 50.Qc3 Bc4 51.Qa5 Qxf4 52.Bg2 Qd6 0-1

[Event "3rd Africa-ch"]
[Site "Abuja NGR"]
[Date "2003.10.16"]
[Round "8"]
[White "Cochrane, John Miles"]
[Black "Molale, Ofentse"]
[Result "0-1"]
[WhiteElo "2206"]
[BlackElo "2181"]
[EventDate "2003.10.10"]
[PlyCount "50"]

1.e4 e5 2.Nf3 Nf6 3.Nxe5 d6 4.Nf3 Nxe4 5.Qe2 Qe7 6.d3 Nf6 7.Bg5 Qxe2+ 8.
Bxe2 Nbd7 9.Nc3 c6 10.O-O Be7 11.Rfe1 O-O 12.Bf1 Bd8 13.d4 d5 14.Bd3 h6 
15.Bf4 Ba5 16.Re2 Ne8 17.Rae1 Ndf6 18.h3 Be6 19.a3 Bc7 20.Bd2 Nd6 21.b3 
Bf5 22.Ne5 Bb6 23.Be3 Bxd3 24.Nxd3 Nf5 25.Nc5 Bxc5 0-1

[Event "3rd Africa-ch"]
[Site "Abuja NGR"]
[Date "2003.10.16"]
[Round "8"]
[White "Domingos, Ediberto"]
[Black "Khaled, Aoudia"]
[Result "1-0"]
[WhiteElo "2200"]
[BlackElo "2156"]
[EventDate "2003.10.10"]
[PlyCount "83"]

1.d4 Nf6 2.Nf3 c5 3.dxc5 e6 4.e3 Bxc5 5.Bd3 O-O 6.O-O b6 7.c4 Bb7 8.b3 Nc6
9.Bb2 d5 10.Nc3 d4 11.Na4 e5 12.exd4 Bxd4 13.Nxd4 Nxd4 14.Re1 Qd6 15.Bf1 
Rad8 16.Qc1 Ne4 17.Nc3 Qg6 18.Re3 f5 19.Nd5 Bxd5 20.cxd5 Rc8 21.Qd1 Nc2 
22.Bxe5 Nxa1 23.Bxa1 f4 24.Rd3 Nd6 25.Bb2 Rfe8 26.Qd2 Qe4 27.g3 Rf8 28.Ba3
Rcd8 29.Rd4 Qe5 30.Bb2 fxg3 31.hxg3 Qf5 32.Rf4 Qg6 33.Bd3 Qe8 34.Rg4 Rd7 
35.Bc3 Rff7 36.Qh6 Kf8 37.Qxh7 Ke7 38.Qh4+ Kf8 39.Bxg7+ Rxg7 40.Qh8+ Ke7 
41.Rxg7+ Nf7 42.Qxe8+ 1-0

[Event "3rd Africa-ch"]
[Site "Abuja NGR"]
[Date "2003.10.16"]
[Round "8"]
[White "Henni, Mohamed"]
[Black "Bouah, Lyndon"]
[Result "1-0"]
[WhiteElo "2273"]
[BlackElo "2175"]
[EventDate "2003.10.10"]
[PlyCount "51"]

1.e4 Nf6 2.d3 e5 3.Nf3 Nc6 4.Be2 d5 5.Nbd2 Be7 6.O-O O-O 7.c3 Re8 8.b4 a6 
9.Bb2 Rb8 10.a3 Bd6 11.Re1 b5 12.Bf1 dxe4 13.dxe4 a5 14.a4 axb4 15.axb5 
Ne7 16.Nc4 bxc3 17.Bxc3 Ng6 18.Nxd6 Qxd6 19.Qxd6 cxd6 20.Bb4 d5 21.exd5 
Nxd5 22.Bd6 Rb6 23.Bxe5 Nxe5 24.Rxe5 Rxe5 25.Nxe5 f6 26.Ra8 1-0

[Event "3rd Africa-ch"]
[Site "Abuja NGR"]
[Date "2003.10.16"]
[Round "8"]
[White "Kobese, Watu"]
[Black "Shebsh, Abdullatief Mohamed"]
[Result "1-0"]
[WhiteElo "2404"]
[BlackElo "2161"]
[EventDate "2003.10.10"]
[PlyCount "107"]

1.e4 c5 2.Nf3 d6 3.d4 cxd4 4.Nxd4 Nf6 5.Nc3 g6 6.Be3 Bg7 7.f3 Nc6 8.Qd2 
O-O 9.g4 h5 10.h3 Nxd4 11.Bxd4 Qa5 12.g5 Nd7 13.Bxg7 Kxg7 14.f4 Nc5 15.a3 
Qb6 16.O-O-O Be6 17.Be2 Rac8 18.Kb1 Kh7 19.f5 gxf5 20.Bxh5 Nxe4 21.Nxe4 
fxe4 22.g6+ fxg6 23.Bxg6+ Kxg6 24.Rhg1+ Kf7 25.Rgf1+ Ke8 26.Rxf8+ Kd7 27.
Rxc8 Kxc8 28.h4 Bg4 29.Re1 Bf3 30.Qf4 Qf2 31.Rxe4 Qg1+ 32.Ka2 Bxe4 33.Qxe4
Qg8+ 34.c4 Qf7 35.Qg4+ Kc7 36.h5 b5 37.Kb3 a5 38.a4 b4 39.h6 Qh7 40.Qh3 
Qb1 41.Qf3 Kd8 42.Qa8+ Kd7 43.Qxa5 Qd3+ 44.Kxb4 Qd2+ 45.Kb5 Qxh6 46.Qa7+ 
Kd8 47.Qa8+ Kc7 48.Qc6+ Kd8 49.a5 Qh5+ 50.Kb6 Qe5 51.b4 Qd4+ 52.Kb7 e5 53.
a6 e4 54.Qc7+ 1-0

[Event "3rd Africa-ch"]
[Site "Abuja NGR"]
[Date "2003.10.16"]
[Round "8"]
[White "Pitlagano, Tebogo"]
[Black "Lungu, Malupande"]
[Result "1/2-1/2"]
[WhiteElo "2073"]
[BlackElo "2295"]
[EventDate "2003.10.10"]
[PlyCount "130"]

1.e4 e5 2.Nf3 Nc6 3.Nc3 Nf6 4.d4 exd4 5.Nxd4 d6 6.Be3 Be7 7.f3 O-O 8.Qd2 
d5 9.Nxc6 bxc6 10.e5 Nd7 11.f4 Bb4 12.a3 Ba5 13.b4 Bb6 14.Rd1 Re8 15.Kf2 
f6 16.Bxb6 Nxb6 17.exf6 Qxf6 18.Bd3 Bg4 19.Rde1 Bf5 20.Ne2 Bg4 21.h3 Bxe2 
22.Rxe2 Rxe2+ 23.Bxe2 Re8 24.Rf1 Re4 25.Kg1 Nc4 26.Bxc4 Rxc4 27.Rf3 h6 28.
c3 a6 29.Qe3 Re4 30.Qf2 Rc4 31.Qg3 Qd6 32.Qg4 Qf6 33.Qg3 c5 34.bxc5 Rxc5 
35.Qf2 Rxc3 36.Qd2 d4 37.Rxc3 dxc3 38.Qd5+ Qf7 39.Qd8+ Kh7 40.Qd3+ g6 41.
g3 Qe6 42.Qxc3 Qb6+ 43.Kg2 Qd6 44.Kf3 Qd5+ 45.Ke3 Qe6+ 46.Kd4 Qd7+ 47.Ke4 
Qf5+ 48.Kf3 Qd5+ 49.Kf2 Qd6 50.Qb4 Qb6+ 51.Kf3 Qc6+ 52.Ke3 Qe6+ 53.Kd4 h5 
54.h4 Kg7 55.Qc5 Qd6+ 56.Kc4 Kf7 57.a4 Qxc5+ 58.Kxc5 Ke7 59.Kc6 Kd8 60.a5 
Kc8 61.Kd5 Kd7 62.Kc5 Ke7 63.Kd5 Kd7 64.Kc5 Kd8 65.Kc6 Kc8 1/2-1/2

[Event "3rd Africa-ch"]
[Site "Abuja NGR"]
[Date "2003.10.16"]
[Round "8"]
[White "Simutowe, Amon"]
[Black "El-Taher, Fouad"]
[Result "1-0"]
[WhiteElo "2424"]
[BlackElo "2505"]
[EventDate "2003.10.10"]
[PlyCount "119"]

1.Nf3 Nf6 2.c4 c5 3.Nc3 Nc6 4.d4 cxd4 5.Nxd4 g6 6.e4 Nxd4 7.Qxd4 d6 8.Bg5 
Bg7 9.f3 O-O 10.Qd2 Be6 11.Rc1 Rc8 12.b3 a6 13.Be2 Re8 14.O-O Qa5 15.Rfd1 
Kf8 16.Be3 Red8 17.b4 Qc7 18.a3 Nd7 19.f4 Qb8 20.Nd5 b5 21.cxb5 axb5 22.
Rxc8 Rxc8 23.Rc1 Nf6 24.Rxc8+ Bxc8 25.Nxf6 Bxf6 26.Qd5 Bb2 27.Qd2 Bf6 28.
Bd4 Bxd4+ 29.Qxd4 f6 30.e5 dxe5 31.fxe5 fxe5 32.Qd8+ Kf7 33.Kf1 Qb7 34.Qh8
Qc7 35.Qxh7+ Kf6 36.Qh8+ Kf7 37.Qh7+ Kf6 38.Qh4+ Kg7 39.Bxb5 Qc1+ 40.Kf2 
g5 41.Qe4 Qb2+ 42.Qe2 Qc3 43.Qe3 Qb2+ 44.Kg3 Kh8 45.Bc6 Ba6 46.Be4 Bc8 47.
Qxg5 Qc3+ 48.Kf2 Qb2+ 49.Kf3 Qxa3+ 50.Qe3 Qa6 51.b5 Qf6+ 52.Kg3 Qg7+ 53.
Kf2 Qf6+ 54.Kg1 Qd6 55.b6 Qd1+ 56.Kf2 Qh5 57.h3 Qf7+ 58.Kg1 e6 59.Qh6+ Kg8
60.Qg6+ 1-0

[Event "3rd Africa-ch"]
[Site "Abuja NGR"]
[Date "2003.10.17"]
[Round "9"]
[White "Aderito, Pedro"]
[Black "Kobese, Watu"]
[Result "0-1"]
[WhiteElo "2285"]
[BlackElo "2404"]
[EventDate "2003.10.10"]
[PlyCount "68"]

1.d4 Nf6 2.Nf3 g6 3.c4 Bg7 4.Nc3 O-O 5.g3 d6 6.Bg2 Nbd7 7.O-O e5 8.Re1 c6 
9.e4 Qb6 10.Na4 Qc7 11.Nc3 a6 12.h3 Rb8 13.Be3 b5 14.cxb5 axb5 15.Rc1 Qa5 
16.dxe5 dxe5 17.Nd2 Qa8 18.a4 b4 19.Ncb1 Ba6 20.Qc2 c5 21.b3 Rfc8 22.Nc4 
Bxc4 23.Qxc4 Nf8 24.Nd2 Ne6 25.Qd3 Rd8 26.Qb1 Nd7 27.Bf1 Nd4 28.Bg5 Rdc8 
29.Bg2 Nf8 30.Nc4 f6 31.Bd2 Nfe6 32.h4 Rd8 33.Ne3 Qa6 34.Nd5 Ne2+ 0-1

[Event "3rd Africa-ch"]
[Site "Abuja NGR"]
[Date "2003.10.17"]
[Round "9"]
[White "El-Taher, Fouad"]
[Black "Akintola, Fola"]
[Result "1-0"]
[WhiteElo "2505"]
[BlackElo "2256"]
[EventDate "2003.10.10"]
[PlyCount "117"]

1.e4 e5 2.Nf3 Nc6 3.Bb5 Nf6 4.Qe2 Bc5 5.c3 Qe7 6.d3 O-O 7.O-O d6 8.Be3 Bb6
9.Nbd2 Ng4 10.Bxb6 axb6 11.h3 Nf6 12.d4 Nh5 13.Rfe1 Nf4 14.Qe3 Qf6 15.Bf1 
Ra4 16.g3 Nxh3+ 17.Kh2 g5 18.dxe5 dxe5 19.Bxh3 g4 20.Bg2 gxf3 21.Bxf3 Qg6 
22.Kg2 f5 23.exf5 Bxf5 24.Rh1 e4 25.Bd1 Raa8 26.Rh5 Qg7 27.Rg5 Bg6 28.Bh5 
Rae8 29.Bxg6 hxg6 30.Rh1 Rf6 31.Rh4 Rf5 32.Rxe4 Rxe4 33.Nxe4 Qf7 34.b3 Ne5
35.c4 Qe6 36.Rxf5 gxf5 37.Ng5 Qc6+ 38.Kg1 Qf6 39.f4 Nc6 40.Qe6+ Kg7 41.
Qd7+ Kg8 42.Qc8+ Nd8 43.Nf3 c6 44.Ne5 Kg7 45.Qd7+ Kf8 46.Kg2 Kg8 47.Qc8 b5
48.cxb5 cxb5 49.Qd7 Nc6 50.Qd5+ Kh7 51.Qxb5 Nd8 52.Qd7+ Kg8 53.b4 Qb6 54.
Qxf5 Qxb4 55.Qg5+ Kh7 56.Qxd8 Qe4+ 57.Kh3 b5 58.Qd7+ Kh6 59.Qe6+ 1-0

[Event "3rd Africa-ch"]
[Site "Abuja NGR"]
[Date "2003.10.17"]
[Round "9"]
[White "Ezat, Mohamed"]
[Black "Lungu, Nase"]
[Result "1-0"]
[WhiteElo "2405"]
[BlackElo "2270"]
[EventDate "2003.10.10"]
[PlyCount "143"]

1.d4 d5 2.c4 dxc4 3.e3 e5 4.Bxc4 exd4 5.exd4 Nf6 6.Qb3 Qe7+ 7.Ne2 Qb4+ 8.
Nbc3 Qxb3 9.Bxb3 c6 10.O-O Be6 11.Bxe6 fxe6 12.Nf4 Kd7 13.Re1 Bd6 14.Nxe6 
Re8 15.Nc5+ Bxc5 16.Rxe8 Kxe8 17.dxc5 Na6 18.Be3 Rd8 19.a3 Nd5 20.Nxd5 
Rxd5 21.Rc1 Kf7 22.Kf1 Nc7 23.Ke2 g6 24.Rc4 Ne6 25.Rb4 Rd7 26.h4 Kf6 27.
Rc4 Rd5 28.g3 a6 29.b4 Kf7 30.Rc1 Kf6 31.Rh1 h5 32.Rc1 Ng7 33.Rc4 Ne6 34.
Re4 Kf7 35.Rc4 Kf6 36.Bd2 Re5+ 37.Kf1 Rd5 38.Bc3+ Kf7 39.Ke2 Rd7 40.Re4 
Rd5 41.Re3 Nc7 42.Be5 Ne6 43.Rf3+ Ke8 44.Bc3 Rf5 45.Rd3 Nc7 46.Bb2 Nd5 47.
Rf3 Kf7 48.Rxf5+ gxf5 49.f3 Ke6 50.Kf2 Kf7 51.Bd4 Kg6 52.Kg2 Kh6 53.Kh2 
Kg6 54.Kh3 Kf7 55.Bb2 Kg6 56.Bc1 b6 57.cxb6 Nxb6 58.g4 fxg4+ 59.fxg4 Nd7 
60.Be3 Ne5 61.gxh5+ Kxh5 62.Kg3 Nc4 63.Bc1 a5 64.bxa5 Nxa5 65.Bd2 Nc4 66.
Bb4 Nb6 67.Be1 c5 68.Kf4 c4 69.Ke4 c3 70.Kd3 Na4 71.Kc2 Kg4 72.Kb3 1-0

[Event "3rd Africa-ch"]
[Site "Abuja NGR"]
[Date "2003.10.17"]
[Round "9"]
[White "Haddouche, Mohamed"]
[Black "Aikhoje, Odion"]
[Result "0-1"]
[WhiteElo "2161"]
[BlackElo "2278"]
[EventDate "2003.10.10"]
[PlyCount "174"]

1.e4 Nf6 2.e5 Nd5 3.d4 d6 4.Nf3 Bg4 5.Be2 e6 6.c4 Nb6 7.O-O Be7 8.h3 Bh5 
9.Nc3 Nc6 10.exd6 cxd6 11.d5 exd5 12.Nxd5 O-O 13.Be3 Bf6 14.Nxb6 axb6 15.
Qb3 Bxf3 16.Bxf3 Nd4 17.Bxd4 Bxd4 18.Rad1 Qf6 19.Rd2 Be5 20.Rfd1 Rac8 21.
Bxb7 Rb8 22.Bd5 h5 23.g3 g5 24.f4 gxf4 25.gxf4 Qxf4 26.Rg2+ Kh8 27.Qf3 
Qxf3 28.Bxf3 h4 29.Kf1 Bg3 30.Re2 Kg7 31.Bc6 Rbc8 32.Bb5 Rc5 33.b4 Rf5+ 
34.Kg2 Kf6 35.Bd7 Rg5 36.Rf1+ Kg7 37.Rf5 Rxf5 38.Bxf5 Ra8 39.Bd7 Ra3 40.
Bc6 f5 41.Bd5 Kf6 42.c5 dxc5 43.Re6+ Kg5 44.Rxb6 Rd3 45.Bf7 f4 46.Bc4 f3+ 
47.Kg1 Rd4 48.Bf1 cxb4 49.Rc6 Rd2 50.Rc4 Rxa2 51.Rxb4 Rh2 52.Rg4+ Kh5 53.
Bd3 Rd2 54.Bc4 Rg2+ 55.Kf1 Rh2 56.Kg1 f2+ 57.Kf1 Rh1+ 58.Kg2 Rg1+ 59.Kf3 
f1=Q+ 60.Bxf1 Rxf1+ 61.Ke4 Be1 62.Rf4 Rh1 63.Rf3 Bg3 64.Rf8 Kg6 65.Rg8+ 
Kf7 66.Rh8 Rxh3 67.Kf5 Rh1 68.Kg4 Be1 69.Rh5 Rg1+ 70.Kh3 Kg6 71.Kh2 Rg4 
72.Rb5 Rg3 73.Re5 Bc3 74.Rc5 Bf6 75.Rb5 Bg5 76.Rc5 Bf4 77.Kh1 Bg5 78.Kh2 
Kh5 79.Rc4 Rd3 80.Ra4 Be7 81.Ra1 Bd6+ 82.Kh1 Kg4 83.Rg1+ Kh3 84.Rb1 Rd2 
85.Rb3+ Bg3 86.Rb1 Rh2+ 87.Kg1 Bf2+ 0-1

[Event "3rd Africa-ch"]
[Site "Abuja NGR"]
[Date "2003.10.17"]
[Round "9"]
[White "Molale, Ofentse"]
[Black "Domingos, Ediberto"]
[Result "1-0"]
[WhiteElo "2181"]
[BlackElo "2200"]
[EventDate "2003.10.10"]
[PlyCount "61"]

1.e4 e6 2.d4 d5 3.exd5 exd5 4.c4 dxc4 5.Bxc4 Nf6 6.Nc3 Be7 7.Nf3 O-O 8.h3 
Nbd7 9.O-O Nb6 10.Bb3 c6 11.Re1 h6 12.Ne5 Nbd5 13.Qf3 Be6 14.Ne2 Qa5 15.
Rd1 Rad8 16.Ng3 Rfe8 17.Nf5 Bf8 18.Bd2 Qb6 19.Nc4 Qc7 20.Rac1 Qc8 21.g4 
Bxf5 22.gxf5 Re4 23.Be3 Ree8 24.Kh1 Qb8 25.Rg1 Nxe3 26.fxe3 Nd5 27.Rg4 Kh7
28.Rcg1 Qc7 29.f6 g6 30.e4 h5 31.Rh4 1-0

[Event "3rd Africa-ch"]
[Site "Abuja NGR"]
[Date "2003.10.17"]
[Round "9"]
[White "Shebsh, Abdullatief Mohamed"]
[Black "Ben Nasser, Khaled"]
[Result "1-0"]
[WhiteElo "2161"]
[BlackElo "2282"]
[EventDate "2003.10.10"]
[PlyCount "95"]

1.e4 e5 2.Nf3 Nc6 3.Bb5 a6 4.Bxc6 dxc6 5.d4 exd4 6.Qxd4 Qxd4 7.Nxd4 Nf6 8.
f3 Be6 9.Be3 Bb4+ 10.c3 Be7 11.Nd2 O-O-O 12.O-O-O Rhe8 13.Nxe6 fxe6 14.Nc4
b5 15.Rxd8+ Rxd8 16.Na5 Rd3 17.Nxc6 Kd7 18.Nxe7 Kxe7 19.Kc2 Rd7 20.a4 h6 
21.Bd4 Nh5 22.axb5 axb5 23.Be5 Nf6 24.Rd1 Rxd1 25.Bxf6+ Kxf6 26.Kxd1 c5 
27.f4 h5 28.h3 c4 29.Ke2 g6 30.g4 g5 31.f5 hxg4 32.hxg4 exf5 33.exf5 Ke5 
34.Ke3 Kd5 35.f6 Ke6 36.Ke4 Kxf6 37.Kd5 Kg6 38.Ke6 Kg7 39.Kf5 Kh6 40.Kf6 
Kh7 41.Kxg5 Kg7 42.Kf5 Kf7 43.Ke5 Kg6 44.Kd5 Kg5 45.Kc5 Kxg4 46.Kxb5 Kf5 
47.Kxc4 Ke6 48.Kc5 1-0